000 00353nam a2200133Ia 4500
008 151001s9999||||xx |||||||||||||| ||und||
100 _aपद्मा कुलकर्णी
245 _aकिथी
250 _a1
260 _bअंजली प्रकाशन पुणे
260 _c1990
300 _a168
365 _b18
999 _c970687
_d970684